[Event "Championnat de France des Jeunes - Mini"]
[Site "LA ROCHE SUR YON"]
[Date "2008.04.23"]
[Round "5.13"]
[White "Abidi, Ines"]
[Black "Dourerassou, Cynthia"]
[Result "0-1"]
[WhiteElo "1670"]
[BlackElo "1909"]
[Annotator "Salaun,Michel"]
[PlyCount "104"]
[EventDate "2008.04.27"]
[EventType "swiss"]
[EventRounds "9"]
[EventCountry "FRA"]

1. d4 Nf6 2. c4 g6 3. Nc3 Bg7 4. e4 d6 5. f3 O-O 6. Be3 e5 7. d5 Nbd7 8. Qd2 a5
9. g4 Nc5 10. Nge2 Ne8 11. Ng3 f5 12. gxf5 gxf5 13. Bg5 Bf6 14. Bh6 Ng7 15. Rg1
Kh8 16. exf5 Rg8 17. Nge4 Bh4+ 18. Kd1 Nxf5 19. Ng5 Nxh6 20. Ne6 Bxe6 21. Rxg8+
Bxg8 22. Qxh6 Qg5 23. Qxg5 Bxg5 24. Nb5 c6 25. dxc6 bxc6 26. Nxd6 Rd8 27. Kc2
Rxd6 28. Re1 Bf7 29. b3 Bg6+ 30. Kb2 Nd3+ 31. Bxd3 Rxd3 32. Ka3 Rd2 33. Rxe5
Bd8 34. f4 Bc7 35. Re6 Bxf4 36. Rxc6 Rxh2 37. Rc5 Bd6 38. Ka4 Bxc5 39. Kb5 Bb4
40. a3 Rh5+ 41. Kb6 Bxa3 42. Ka6 Rc5 43. Ka7 Rc6 44. Kb7 Be4 45. Ka7 Kg7 46.
Kb8 Bd6+ 47. Ka7 Kf7 48. b4 axb4 49. c5 Bxc5+ 50. Kb8 Ke7 51. Kb7 Kd7 52. Ka8
Rc8# 0-1

[Event "Championnat de France des Jeunes - Mini"]
[Site "LA ROCHE SUR YON"]
[Date "2008.04.23"]
[Round "5.11"]
[White "Durot, Edwige"]
[Black "Uhl, Sarah"]
[Result "0-1"]
[WhiteElo "1757"]
[BlackElo "1850"]
[Annotator "Salaun,Michel"]
[PlyCount "102"]
[EventDate "2008.04.27"]
[EventType "swiss"]
[EventRounds "9"]
[EventCountry "FRA"]

1. e4 c5 2. Nf3 e6 3. d4 cxd4 4. Nxd4 Nf6 5. Bd3 Be7 6. Nc3 d6 7. O-O O-O 8.
Kh1 Nc6 9. Be3 Qc7 10. f4 a6 11. a4 Bd7 12. Qd2 Na5 13. Qe2 Nc6 14. Qd2 Nb4 15.
Rac1 Rac8 16. Ra1 Nxd3 17. cxd3 Be8 18. Rfc1 Qb8 19. b3 Bd7 20. Nce2 Rxc1+ 21.
Rxc1 Rc8 22. Rxc8+ Qxc8 23. Qc3 d5 24. Qxc8+ Bxc8 25. e5 Nd7 26. Nc2 Nc5 27.
Bxc5 Bxc5 28. d4 Be7 29. Kg1 Kf8 30. Kf2 Bd7 31. Ke3 Ke8 32. Kd2 Kd8 33. Kc3 a5
34. Nc1 b5 35. axb5 Bxb5 36. Nd3 Bxd3 37. Kxd3 Kc7 38. Kd2 Kc6 39. Kd3 Kb5 40.
Kc3 Bf8 41. h3 h5 42. h4 Be7 43. g3 Bf8 44. Kd3 Bb4 45. Nxb4 Kxb4 46. Kc2 a4
47. bxa4 Kxa4 48. Kd2 Kb4 49. Kd3 Kb3 50. Kd2 Kc4 51. Ke3 Kc3 0-1

[Event "Championnat de France des Jeunes - Mini"]
[Site "LA ROCHE SUR YON"]
[Date "2008.04.23"]
[Round "5.14"]
[White "Le Bail, Arielle"]
[Black "Boutant, Jade"]
[Result "1/2-1/2"]
[WhiteElo "1789"]
[BlackElo "1590"]
[Annotator "Salaun,Michel"]
[PlyCount "96"]
[EventDate "2008.04.27"]
[EventType "swiss"]
[EventRounds "9"]
[EventCountry "FRA"]

1. Nf3 d5 2. c4 c6 3. e3 Nf6 4. Nc3 Bf5 5. cxd5 Nxd5 6. Nxd5 cxd5 7. Qb3 Bc8 8.
d4 a6 9. Bd3 Nc6 10. Bd2 e6 11. O-O Bd6 12. Rac1 O-O 13. e4 Be7 14. e5 f5 15.
Bf4 Kh8 16. Be2 g5 17. Be3 g4 18. Ne1 f4 19. Bd2 Nxd4 20. Qd3 Nxe2+ 21. Qxe2 f3
22. gxf3 gxf3 23. Nxf3 Qe8 24. Kh1 Qh5 25. Nd4 Qxe2 26. Nxe2 Rf5 27. Ng3 Rf8
28. Be3 Bh4 29. Kg2 Bd7 30. Kh3 Bxg3 31. hxg3 Bc6 32. Bd4 Rf3 33. Rc3 Raf8 34.
Rd1 Rxc3 35. bxc3 Bb5 36. f4 Bc4 37. a3 Kg7 38. Kg2 Kg6 39. Bc5 Rf7 40. Rb1 b5
41. Kf2 Kf5 42. Kf3 Rg7 43. Rh1 Kg6 44. Bf8 Rd7 45. Rh6+ Kf7 46. Rf6+ Kg8 47.
Bc5 d4 48. Rf8+ Kg7 1/2-1/2

[Event "Championnat de France des Jeunes - Mini"]
[Site "LA ROCHE SUR YON"]
[Date "2008.04.22"]
[Round "4.14"]
[White "Buscara, Lena"]
[Black "Auvray, Juliette"]
[Result "0-1"]
[WhiteElo "1691"]
[BlackElo "1890"]
[Annotator "Salaun,Michel"]
[PlyCount "80"]
[EventDate "2008.04.27"]
[EventType "swiss"]
[EventRounds "9"]
[EventCountry "FRA"]

1. e4 d5 2. exd5 Qxd5 3. Nc3 Qa5 4. Bc4 Nf6 5. d3 Bg4 6. f3 Bf5 7. Bd2 c6 8.
Qe2 Qc7 9. g4 Bc8 10. Nh3 e6 11. Ng5 Be7 12. O-O-O b5 13. Bb3 a5 14. a4 h6 15.
Nge4 Nxe4 16. Nxe4 bxa4 17. Bxa4 Nd7 18. Bc3 O-O 19. h4 Nb6 20. Bb3 a4 21. Ba2
a3 22. Bb3 a2 23. Kd2 c5 24. Ra1 c4 25. dxc4 Rd8+ 26. Ke1 Bb7 27. Kf2 Bxe4 28.
Qxe4 Bc5+ 29. Kg2 Rd6 30. Rxa2 Rad8 31. Kh3 Bd4 32. Ba5 Bf2 33. Qf4 Qc6 34.
Bxb6 Qxb6 35. Raa1 Qc6 36. Ba4 Qb7 37. Bb3 Rd4 38. Qe5 Qxf3+ 39. Kh2 Rd2 40.
Rhd1 Bb6+ 0-1

[Event "Championnat de France des Jeunes - Pupi"]
[Site "LA ROCHE SUR YON"]
[Date "2008.04.21"]
[Round "3.14"]
[White "Bekhouche, Marion"]
[Black "Hild, Aurelia"]
[Result "1-0"]
[WhiteElo "1697"]
[BlackElo "1370"]
[Annotator "Salaun,Michel"]
[PlyCount "177"]
[EventDate "2008.04.24"]
[EventType "swiss"]
[EventRounds "6"]
[EventCountry "FRA"]

1. d4 d5 2. c4 Nf6 3. cxd5 Nxd5 4. e4 Nb6 5. Nc3 e6 6. Be3 N8d7 7. Bd3 c5 8.
Nge2 cxd4 9. Bxd4 e5 10. Be3 Bc5 11. Qd2 O-O 12. O-O Qe7 13. Rac1 Rd8 14. Ng3
Nf6 15. Nd5 Nfxd5 16. Bxc5 Qe8 17. exd5 Nxd5 18. Be3 a6 19. Rfd1 Be6 20. a3 Rd7
21. Qe1 f6 22. Bc4 Rad8 23. Bxd5 Bxd5 24. Bb6 Ra8 25. Qe3 Qg6 26. Rd2 Re8 27.
Rcd1 Qf7 28. Ne4 f5 29. Nc3 Bc6 30. Rxd7 Bxd7 31. Qd2 Bc6 32. Qg5 h6 33. Qh4
Qg6 34. Qg3 Qf7 35. Ne2 f4 36. Qd3 e4 37. Qd4 f3 38. Ng3 fxg2 39. Qe3 Ba4 40.
Rd8 Qa2 41. Rxe8+ Bxe8 42. Bd4 Bc6 43. Nf5 Bb5 44. Nxh6+ Kh8 45. Bxg7+ Kxg7 46.
Qg5+ Kf8 47. Qd8+ Kg7 48. Qg5+ Kf8 49. Qf6+ Ke8 50. Qe5+ Kd8 51. Qd4+ Kc8 52.
Qh8+ Kc7 53. Qe5+ Kb6 54. Qd4+ Kc7 55. Qc3+ Kb6 56. Qd4+ Kc7 57. Ng4 Qa1+ 58.
Kxg2 Qf1+ 59. Kg3 Qg1+ 60. Kh4 Bd7 61. Qc5+ Kd8 62. Qf8+ Kc7 63. Qf4+ Kd8 64.
Qxe4 Kc8 65. Qc4+ Kd8 66. Qg8+ Kc7 67. Qc4+ Kd8 68. Qf4 Qd1 69. Qb8+ Ke7 70.
Qe5+ Kd8 71. h3 Qd3 72. Qh8+ Kc7 73. Qc3+ Qxc3 74. bxc3 Kd6 75. Kg5 Ke6 76. h4
Ke7 77. h5 Kf8 78. h6 Kf7 79. Ne5+ Kg8 80. Nxd7 b6 81. Nxb6 a5 82. f4 a4 83. c4
Kh7 84. c5 Kg8 85. c6 Kh7 86. c7 Kg8 87. c8=Q+ Kf7 88. Qe6+ Kf8 89. Nd7# 1-0

[Event "Championnat de France des Jeunes - Pupi"]
[Site "LA ROCHE SUR YON"]
[Date "2008.04.21"]
[Round "4.11"]
[White "Abidi, Hasma"]
[Black "Nourani, Maral"]
[Result "1-0"]
[WhiteElo "1310"]
[BlackElo "1560"]
[Annotator "Salaun,Michel"]
[PlyCount "105"]
[EventDate "2008.04.24"]
[EventType "swiss"]
[EventRounds "6"]
[EventCountry "FRA"]

1. d4 d5 2. Nf3 e6 3. c4 c6 4. Nc3 f5 5. g3 Nf6 6. Bg2 Be7 7. Bg5 Nbd7 8. O-O
O-O 9. cxd5 cxd5 10. Qc2 b6 11. Rfd1 Bb7 12. Rac1 Ne4 13. Bxe7 Qxe7 14. Nd2
Rac8 15. Ndxe4 fxe4 16. e3 Qf7 17. Qd2 Nf6 18. Bh3 Kh8 19. Nb5 Qd7 20. Rxc8
Rxc8 21. Qb4 a5 22. Qb3 Ba6 23. Nc3 b5 24. a3 Ne8 25. Nxe4 dxe4 26. Bxe6 a4 27.
Bxd7 axb3 28. Bxc8 Bxc8 29. Rc1 Bd7 30. Rc5 Kg8 31. Kf1 Kf7 32. Ke1 Nd6 33. Kd2
Nc4+ 34. Kc3 Ke6 35. Kxb3 Kd6 36. Rg5 g6 37. h4 Nd2+ 38. Kc3 Nf3 39. Rc5 Nh2
40. h5 Ng4 41. hxg6 hxg6 42. Rg5 Nxf2 43. Rxg6+ Kd5 44. Rg5+ Kd6 45. d5 Nd1+
46. Kd4 Nxb2 47. Kxe4 Nc4 48. Rg6+ Kc5 49. Ra6 Nd2+ 50. Kf4 Kxd5 51. g4 Be6 52.
g5 Nc4 53. e4+ 1-0

[Event "Championnat de France des Jeunes - Pupi"]
[Site "LA ROCHE SUR YON"]
[Date "2008.04.22"]
[Round "4.13"]
[White "Olmeta, Khansine"]
[Black "Le Guennec, Nolwen"]
[Result "0-1"]
[WhiteElo "1090"]
[BlackElo "1510"]
[Annotator "Salaun,Michel"]
[PlyCount "106"]
[EventDate "2008.04.24"]
[EventType "swiss"]
[EventRounds "6"]
[EventCountry "FRA"]

1. e4 c5 2. Nf3 Nc6 3. c3 g6 4. d4 cxd4 5. cxd4 Bg7 6. Be3 Nf6 7. e5 Nd5 8. Bd2
O-O 9. Nc3 Qa5 10. Nxd5 Qxd5 11. Bd3 Nxd4 12. Nxd4 Qxd4 13. Bc3 Qd5 14. Qe2
Qxg2 15. Be4 Qg5 16. Bf3 Re8 17. h4 Qf5 18. h5 Rb8 19. O-O-O b6 20. Be4 Bh6+
21. Kb1 Qf4 22. Bd2 Qxe5 23. hxg6 Bxd2 24. gxh7+ Kh8 25. Rxd2 Bb7 26. Rh5 Qxe4+
27. Rc2 Qxe2 28. Rxe2 Bf3 29. Ree5 Bxh5 30. Rxh5 Kg7 31. f4 Rh8 32. Rg5+ Kxh7
33. Kc1 Rhg8 34. Rh5+ Kg6 35. Rg5+ Kf6 36. Re5 Rg2 37. Kd1 Rh8 38. Re1 Rhg8 39.
Re4 Rh2 40. Re1 Rgg2 41. Rf1 Rxb2 42. Kc1 Rxa2 43. Kb1 Rhb2+ 44. Kc1 Rf2 45.
Rxf2 Rxf2 46. Kd1 Kf5 47. Ke1 Ra2 48. Kd1 Kxf4 49. Kc1 Ke3 50. Kb1 Rh2 51. Ka1
Kd3 52. Kb1 Kc3 53. Kc1 Rh1# 0-1

[Event "Championnat de France des Jeunes - Pupi"]
[Site "LA ROCHE SUR YON"]
[Date "2008.04.22"]
[Round "4.15"]
[White "Langlais, Victoire"]
[Black "Laric, Emilie"]
[Result "0-1"]
[WhiteElo "1450"]
[BlackElo "1410"]
[Annotator "Salaun,Michel"]
[PlyCount "90"]
[EventDate "2008.04.24"]
[EventType "swiss"]
[EventRounds "6"]
[EventCountry "FRA"]

1. e4 e5 2. Nf3 Nc6 3. Bc4 Nf6 4. Nc3 Nxe4 5. Nxe4 d5 6. Bxd5 Qxd5 7. Nc3 Qd8
8. d3 Bg4 9. h3 Bh5 10. g4 Bg6 11. Qe2 Bd6 12. Bd2 Qe7 13. O-O-O f6 14. Kb1
O-O-O 15. g5 Bh5 16. Rde1 Nd4 17. Qe3 Nxf3 18. Rc1 Nxd2+ 19. Qxd2 e4 20. Nd5
Qe5 21. dxe4 Bf7 22. Rce1 Bxd5 23. exd5 Qxg5 24. Qxg5 fxg5 25. Rhg1 Bf4 26. Rd1
Kd7 27. Rg4 Kd6 28. c4 a6 29. Rd4 Kc5 30. Re4 Rhe8 31. Rxe8 Rxe8 32. b3 b5 33.
h4 h5 34. Rg1 Re5 35. cxb5 axb5 36. hxg5 Bxg5 37. Rd1 Rxd5 38. Rxd5+ Kxd5 39.
a4 bxa4 40. bxa4 Kc5 41. Kc2 h4 42. Kd3 h3 43. Ke4 h2 44. f4 Bxf4 45. Kxf4 h1=Q
0-1

[Event "Championnat de France des Jeunes - Pupi"]
[Site "LA ROCHE SUR YON"]
[Date "2008.04.21"]
[Round "3.15"]
[White "Massard, Aurelie"]
[Black "Menetrier, Aude"]
[Result "1-0"]
[WhiteElo "1630"]
[BlackElo "1360"]
[Annotator "Salaun,Michel"]
[PlyCount "51"]
[EventDate "2008.04.24"]
[EventType "swiss"]
[EventRounds "6"]
[EventCountry "FRA"]

1. d4 d5 2. Bf4 Bd7 3. Nf3 Nc6 4. e3 Nf6 5. Bd3 e6 6. c3 Be7 7. Nbd2 O-O 8. O-O
Nb8 9. Ne5 Bc8 10. h3 Nbd7 11. Qf3 Nxe5 12. dxe5 Nd7 13. Qg4 Re8 14. Bh6 g6 15.
Nf3 Nc5 16. Bc2 Nd7 17. h4 b5 18. h5 d4 19. hxg6 hxg6 20. Bxg6 Rf8 21. Be4+ (
21. Bh7+ Kxh7 (21... Kh8 22. Qg7#) 22. Qg7#) 21... Bg5 22. Bxg5 f6 23. Bxf6+
Kf7 24. Qg7+ (24. Qg6#) 24... Ke8 25. Bg6+ Rf7 26. Qxf7# 1-0

[Event "Championnat de France des Jeunes - Pupi"]
[Site "LA ROCHE SUR YON"]
[Date "2008.04.22"]
[Round "4.12"]
[White "Susini, Lisa"]
[Black "Shashkina, Olga"]
[Result "1/2-1/2"]
[WhiteElo "1520"]
[BlackElo "1430"]
[Annotator "Salaun,Michel"]
[PlyCount "41"]
[EventDate "2008.04.24"]
[EventType "swiss"]
[EventRounds "6"]
[EventCountry "FRA"]

1. e4 e5 2. Nf3 Nc6 3. Nc3 Nf6 4. d4 exd4 5. Nxd4 Bc5 6. Nxc6 bxc6 7. Bc4 O-O
8. O-O d6 9. h3 Bd7 10. Bg5 h6 11. Bh4 Re8 12. a3 a5 13. Re1 Be6 14. Bb3 Bxb3
15. cxb3 Rb8 16. Qc2 Re5 17. Rad1 Qe7 18. Re2 Rh5 19. Bg3 Nd7 20. Kh1 Re8 21.
f3 1/2-1/2

[Event "Championnat de France des Jeunes - Pupi"]
[Site "LA ROCHE SUR YON"]
[Date "2008.04.22"]
[Round "4.14"]
[White "Lavigne, Elsa"]
[Black "Houzelot, Alice"]
[Result "0-1"]
[WhiteElo "1070"]
[BlackElo "1480"]
[Annotator "Salaun,Michel"]
[PlyCount "36"]
[EventDate "2008.04.24"]
[EventType "swiss"]
[EventRounds "6"]
[EventCountry "FRA"]

1. e4 e5 2. Nf3 d6 3. h3 g6 4. Nc3 Bg7 5. Bc4 Nf6 6. d3 Be6 7. Bxe6 fxe6 8. Bg5
O-O 9. d4 exd4 10. Nxd4 Qd7 11. Bxf6 Bxf6 12. Qg4 Bxd4 13. Nd5 exd5 14. Qxd7
Nxd7 15. O-O dxe4 16. Rfe1 Bxf2+ 17. Kf1 Bxe1+ 18. Kxe1 Rae8 0-1

[Event "Championnat de France des Jeunes - Pupi"]
[Site "LA ROCHE SUR YON"]
[Date "2008.04.23"]
[Round "5.11"]
[White "Shashkina, Olga"]
[Black "Dol, Cecile"]
[Result "0-1"]
[WhiteElo "1430"]
[BlackElo "1630"]
[Annotator "Salaun,Michel"]
[PlyCount "84"]
[EventDate "2008.04.24"]
[EventType "swiss"]
[EventRounds "6"]
[EventCountry "FRA"]

1. e4 e6 2. d4 d5 3. exd5 exd5 4. Nf3 Bd6 5. Nc3 Nf6 6. Be2 Bf5 7. O-O O-O 8.
Bg5 c6 9. Ne5 Re8 10. f4 Nbd7 11. Bd3 Bxd3 12. Qxd3 Qb6 13. Bxf6 Nxf6 14. b3
Bxe5 15. fxe5 Nd7 16. Kh1 Re6 17. Rf2 f6 18. exf6 Nxf6 19. Raf1 Rae8 20. Re2
Rxe2 21. Nxe2 Qc7 22. Qf3 Qe7 23. Rf2 Ne4 24. Rf1 Nd2 25. Qf2 Nxf1 26. Qxf1
Qxe2 27. Qg1 Qe1 28. h3 Qxg1+ 29. Kxg1 Re2 30. c4 Rxa2 31. c5 Rd2 32. Kh2 Rxd4
33. g3 Rb4 34. h4 Rxb3 35. g4 a5 36. h5 a4 37. g5 a3 38. g6 hxg6 39. hxg6 a2
40. Kg2 a1=Q 41. Kf2 Qa2+ 42. Ke1 Rb1# 0-1

[Event "Championnat de France des Jeunes - Pupi"]
[Site "LA ROCHE SUR YON"]
[Date "2008.04.23"]
[Round "5.12"]
[White "Nolot, Clementine"]
[Black "Mirete, Rita"]
[Result "0-1"]
[WhiteElo "1590"]
[BlackElo "1430"]
[Annotator "Salaun,Michel"]
[PlyCount "76"]
[EventDate "2008.04.24"]
[EventType "swiss"]
[EventRounds "6"]
[EventCountry "FRA"]

1. e4 e5 2. Nf3 Nc6 3. Bc4 Bc5 4. c3 Qe7 5. O-O d6 6. d4 Bb6 7. Be3 Bg4 8. Bb5
Nf6 9. d5 a6 10. Ba4 Bxe3 11. dxc6 b5 12. fxe3 bxa4 13. Qxa4 O-O 14. Nbd2 Rfb8
15. b4 Rb6 16. Rf2 Qe8 17. Qb3 Qxc6 18. Ng5 Qe8 19. Raf1 Qe7 20. h3 Bh5 21. g4
Bg6 22. h4 h6 23. Nh3 Nxg4 24. Rf3 a5 25. a4 axb4 26. cxb4 c5 27. b5 Qb7 28.
Nc4 Bxe4 29. Rxf7 Qd5 30. a5 Bh1 31. Qc2 Rxb5 32. Nb6 Rxb6 33. axb6 Rb8 34. b7
Qxf7 35. Rxf7 Kxf7 36. Kxh1 Rxb7 37. Qe4 Rb4 38. Kg2 Rxe4 0-1

[Event "Championnat de France des Jeunes - Pupi"]
[Site "LA ROCHE SUR YON"]
[Date "2008.04.23"]
[Round "5.13"]
[White "Granger, Alexia"]
[Black "Kancel, Sarah"]
[Result "0-1"]
[WhiteElo "1370"]
[BlackElo "1530"]
[Annotator "Salaun,Michel"]
[PlyCount "64"]
[EventDate "2008.04.24"]
[EventType "swiss"]
[EventRounds "6"]
[EventCountry "FRA"]

1. e4 e5 2. Nf3 Nc6 3. Bb5 Nf6 4. O-O d6 5. Nc3 Bg4 6. h3 Be6 7. d3 Be7 8. Bg5
O-O 9. Bxc6 bxc6 10. Re1 Rb8 11. b3 Nd7 12. Bxe7 Qxe7 13. Qd2 Nb6 14. Re3 f5
15. Rae1 f4 16. R3e2 Rf6 17. d4 Rg6 18. dxe5 Bxh3 19. Qxf4 Rf8 20. Qh4 Rxg2+
21. Kf1 Rg3+ 22. Qxh3 Rxh3 23. Nd4 Qxe5 24. Re3 Rxe3 25. Rxe3 Qxd4 26. Ke2 Qf6
27. f3 Qf4 28. Nd1 d5 29. e5 d4 30. Rd3 Qxe5+ 31. Kd2 Re8 32. Kc1 h5 0-1

[Event "Championnat de France des Jeunes - Pupi"]
[Site "LA ROCHE SUR YON"]
[Date "2008.04.24"]
[Round "6.11"]
[White "Sonet, Kelly"]
[Black "Nourani, Maral"]
[Result "0-1"]
[WhiteElo "1430"]
[BlackElo "1560"]
[Annotator "Salaun,Michel"]
[PlyCount "150"]
[EventDate "2008.04.24"]
[EventType "swiss"]
[EventRounds "6"]
[EventCountry "FRA"]

1. d4 d5 2. c4 c6 3. Nc3 e6 4. Nf3 f5 5. Bg5 Nf6 6. e3 Be7 7. Bd3 Nbd7 8. O-O
O-O 9. Rc1 Ne4 10. Bxe7 Qxe7 11. Re1 b6 12. Ne2 Bb7 13. Ng3 c5 14. cxd5 Bxd5
15. Qc2 Ndf6 16. Ne5 Rac8 17. Qb1 c4 18. Bxc4 Nd2 19. Qd3 Nxc4 20. Nxc4 Ne4 21.
Ne5 Qb7 22. f3 Ng5 23. Rxc8 Rxc8 24. e4 fxe4 25. fxe4 Bc6 26. Qb3 Re8 27. Nxc6
Qxc6 28. Qc3 Rc8 29. Qxc6 Rxc6 30. d5 exd5 31. exd5 Rd6 32. Nf5 Rd7 33. d6 g6
34. Re7 Rxe7 35. dxe7 Kf7 36. Kf2 gxf5 37. e8=Q+ Kxe8 38. h4 Ne6 39. b3 Kf7 40.
Kf3 Kg6 41. g3 Kf6 42. g4 fxg4+ 43. Kxg4 Kg6 44. h5+ Kh6 45. a4 Ng7 46. b4 a6
47. Kf4 Nxh5+ 48. Ke4 Nf6+ 49. Kd4 Nd7 50. Kc4 Kg5 51. a5 b5+ 52. Kd3 h5 53.
Ke2 Kg4 54. Kf2 Kh3 55. Kg1 Kg3 56. Kh1 h4 57. Kg1 Ne5 58. Kh1 Ng4 59. Kg1 h3
60. Kh1 Nf2+ 61. Kg1 h2+ 62. Kf1 h1=Q+ 63. Ke2 Nh3 64. Ke3 Qf1 65. Ke4 Kg4 66.
Ke5 Qf5+ 67. Kd6 Qe4 68. Kc5 Kf5 69. Kb6 Ke5 70. Kxa6 Qc6+ 71. Ka7 Kd6 72. a6
Kd7 73. Kb8 Qc7+ 74. Ka8 Kc8 75. a7 Qb7# 0-1

[Event "Championnat de France des Jeunes - Pupi"]
[Site "LA ROCHE SUR YON"]
[Date "2008.04.24"]
[Round "6.12"]
[White "Savalle, Mathilde"]
[Black "Laric, Emilie"]
[Result "0-1"]
[WhiteElo "1620"]
[BlackElo "1410"]
[Annotator "Salaun,Michel"]
[PlyCount "128"]
[EventDate "2008.04.24"]
[EventType "swiss"]
[EventRounds "6"]
[EventCountry "FRA"]

1. e4 e5 2. Nf3 Nc6 3. d4 Nxd4 4. Nxd4 exd4 5. Qxd4 Qf6 6. e5 Qb6 7. Be3 d6 8.
Bd3 Qxd4 9. Bxd4 dxe5 10. Bxe5 Be6 11. Bxc7 Nf6 12. O-O Be7 13. Bb5+ Nd7 14.
Nc3 O-O 15. Rad1 Nf6 16. f4 Rac8 17. Be5 Bc5+ 18. Kh1 Ng4 19. Bd4 Bxd4 20. Rxd4
Ne3 21. Rf2 a6 22. Bd3 Nf5 23. Re4 Rfe8 24. Rfe2 Kf8 25. Re5 g6 26. Ne4 Nd4 27.
Rd2 Nc6 28. Rc5 Nb4 29. a3 Nxd3 30. Rxd3 Bf5 31. Rxc8 Rxc8 32. Rc3 Re8 33. Kg1
Bxe4 34. Kf2 Bf5 35. h3 h5 36. Rc7 Re7 37. Rc3 Kg7 38. Kf3 Be4+ 39. Kg3 f6 40.
Re3 Kf7 41. c4 g5 42. b4 h4+ 43. Kf2 gxf4 44. Re1 Bd3 45. Rxe7+ Kxe7 46. c5 Kd7
47. Kf3 Bf1 48. Kxf4 Bxg2 49. Kg4 Ke6 50. Kxh4 Kf5 51. Kg3 Bd5 52. a4 Bb3 53.
b5 Bxa4 54. c6 bxc6 55. bxa6 c5 56. a7 Bc6 57. Kh4 c4 58. Kh5 c3 59. h4 c2 60.
Kh6 c1=Q+ 61. Kh7 Ba8 62. h5 Qc7+ 63. Kg8 Bd5+ 64. Kh8 Kg5 0-1

[Event "Championnat de France des Jeunes - Pupi"]
[Site "LA ROCHE SUR YON"]
[Date "2008.04.23"]
[Round "5.15"]
[White "Finkel, Anne-Sophie"]
[Black "Gaguech, Elisa"]
[Result "0-1"]
[WhiteElo "1280"]
[BlackElo "1490"]
[Annotator "Salaun,Michel"]
[PlyCount "124"]
[EventDate "2008.04.24"]
[EventType "swiss"]
[EventRounds "6"]
[EventCountry "FRA"]

1. e4 c5 2. Nc3 Nc6 3. f4 d6 4. Nf3 g6 5. Bb5 Bd7 6. O-O Bg7 7. d3 a6 8. Bxc6
Bxc6 9. Be3 Nf6 10. Kh1 O-O 11. Qd2 e6 12. Nh4 Nxe4 13. dxe4 Qxh4 14. Qxd6 Rac8
15. Qd2 Rfd8 16. Qe1 Qxe1 17. Raxe1 Bxc3 18. bxc3 Bxe4 19. Rd1 c4 20. Rxd8+
Rxd8 21. Rb1 b5 22. Rc1 Rd5 23. Kg1 h5 24. h4 e5 25. g3 exf4 26. Bxf4 Rd7 27.
Kf2 Re7 28. Re1 Re6 29. Re2 Bf5 30. Rxe6 fxe6 31. Ke3 Bxc2 32. Kd4 Kf7 33. a3
Kf6 34. Ke3 e5 35. Bg5+ Kf5 36. Kd2 Bd3 37. Ke3 Kg4 38. Kf2 Be4 39. Ke3 Bb7 40.
Kf2 e4 41. Bf4 a5 42. Ke3 b4 43. axb4 a4 44. Kd2 Kf3 45. b5 a3 46. Kc1 Kf2 47.
Kb1 e3 48. Bxe3+ Kxe3 49. Ka2 Kd3 50. Kxa3 Kxc3 51. Ka4 Kd2 52. Ka5 c3 53. Kb6
Bg2 54. Kc5 c2 55. Kd4 c1=Q 56. Ke5 Kc3 57. Kf6 Qe1 58. Kxg6 Qxg3+ 59. Kxh5 Kd4
60. b6 Ke5 61. Kh6 Kf6 62. h5 Qg7# 0-1

[Event "Championnat de France des Jeunes - Pupi"]
[Site "LA ROCHE SUR YON"]
[Date "2008.04.23"]
[Round "5.14"]
[White "Khan, Arooj"]
[Black "Susini, Lisa"]
[Result "0-1"]
[WhiteElo "1400"]
[BlackElo "1520"]
[Annotator "Salaun,Michel"]
[PlyCount "94"]
[EventDate "2008.04.24"]
[EventType "swiss"]
[EventRounds "6"]
[EventCountry "FRA"]

1. e4 e5 2. Nf3 Nc6 3. Bb5 a6 4. Ba4 Nf6 5. Nc3 Be7 6. d3 d6 7. Be3 b5 8. Bb3
Bg4 9. Bd5 Nxd5 10. Nxd5 O-O 11. h3 Bh5 12. c3 Bg6 13. O-O Qd7 14. d4 exd4 15.
cxd4 Bxe4 16. Re1 Bxd5 17. Bg5 Bxf3 18. Qxf3 Bxg5 19. Re4 Rfe8 20. Rg4 Bh6 21.
Qf6 Qe6 22. Qf3 d5 23. Qg3 Qd6 24. Qh4 Re4 25. f3 Rxg4 26. fxg4 f6 27. Re1 Bg5
28. Qf2 Qf4 29. Qe2 Qxd4+ 30. Kh1 Qe4 31. Qf2 Qg6 32. Qe2 Kf8 33. Qe6 Re8 34.
Qxe8+ Qxe8 35. Rxe8+ Kxe8 36. Kg1 d4 37. Kf2 Ke7 38. Ke2 Ke6 39. Kd3 Ke5 40. b3
Nb4+ 41. Ke2 Ke4 42. a3 d3+ 43. Kd1 Na2 44. b4 Kd4 45. Ke1 d2+ 46. Kd1 Kd3 47.
g3 Nc3# 0-1

[Event "Championnat de France des Jeunes - Pupi"]
[Site "LA ROCHE SUR YON"]
[Date "2008.04.23"]
[Round "6.13"]
[White "Vignette, Jeanne"]
[Black "Loiselet, Astrid"]
[Result "1-0"]
[WhiteElo "1540"]
[BlackElo "1410"]
[Annotator "Salaun,Michel"]
[PlyCount "69"]
[EventDate "2008.04.24"]
[EventType "swiss"]
[EventRounds "6"]
[EventCountry "FRA"]

1. e4 e5 2. Nf3 Nc6 3. Bc4 Nf6 4. d3 d5 5. exd5 Na5 6. Bg5 Be7 7. Nc3 Nxc4 8.
dxc4 Bg4 9. Qd3 Nd7 10. Bxe7 Qxe7 11. h3 Bxf3 12. Qxf3 O-O-O 13. Qe3 Qc5 14.
Qxc5 Nxc5 15. O-O f6 16. b4 Na6 17. Rab1 b6 18. Ne4 Rhe8 19. Rfd1 Rd7 20. c5
bxc5 21. bxc5 Red8 22. c4 Nb8 23. Nc3 c6 24. d6 Na6 25. Na4 Nc7 26. Rd3 Na6 27.
Rdb3 Rf7 28. Kf1 Kd7 29. Rb7+ Ke6 30. Rxf7 Kxf7 31. Rb7+ Rd7 32. Rxd7+ Ke6 33.
Rxa7 Nb4 34. d7 Kf5 35. d8=Q 1-0

[Event "Championnat de France des Jeunes - Pupi"]
[Site "LA ROCHE SUR YON"]
[Date "2008.04.24"]
[Round "6.15"]
[White "Abidi, Hasma"]
[Black "Desarnaud, Manon"]
[Result "1/2-1/2"]
[WhiteElo "1310"]
[BlackElo "1490"]
[Annotator "Salaun,Michel"]
[PlyCount "61"]
[EventDate "2008.04.24"]
[EventType "swiss"]
[EventRounds "6"]
[EventCountry "FRA"]

1. d4 d5 2. Nf3 Nf6 3. c4 Bf5 4. Nc3 e6 5. Bg5 Be7 6. e3 O-O 7. Bd3 Ne4 8. Bxe7
Qxe7 9. cxd5 Nxc3 10. bxc3 Bxd3 11. Qxd3 exd5 12. O-O Qe4 13. Qxe4 dxe4 14. Nd2
Re8 15. Rab1 b6 16. Rb4 Nd7 17. Rc1 f5 18. c4 a6 19. Rb3 Rab8 20. a4 c6 21.
Rcb1 Kf7 22. f3 g5 23. fxe4 fxe4 24. Rf1+ Kg6 25. Kf2 Rf8+ 26. Ke1 Rxf1+ 27.
Kxf1 Nf6 28. h3 Kf5 29. a5 b5 30. g4+ Ke6 31. Ke1 1/2-1/2

[Event "Championnat de France des Jeunes - Pupi"]
[Site "LA ROCHE SUR YON"]
[Date "2008.04.24"]
[Round "6.14"]
[White "Hild, Aurelia"]
[Black "Le Guennec, Nolwen"]
[Result "1-0"]
[WhiteElo "1370"]
[BlackElo "1510"]
[Annotator "Salaun,Michel"]
[PlyCount "53"]
[EventDate "2008.04.24"]
[EventType "swiss"]
[EventRounds "6"]
[EventCountry "FRA"]

1. e4 c5 2. c3 Nc6 3. d4 cxd4 4. cxd4 e6 5. Nf3 d5 6. e5 b6 7. Nc3 Bb7 8. Bf4
Qd7 9. Bb5 a6 10. Ba4 b5 11. Bc2 Bb4 12. O-O Bxc3 13. bxc3 Nge7 14. Re1 O-O 15.
Re3 Rac8 16. Nh4 b4 17. Rg3 Kh8 18. Qg4 g6 19. Qg5 Ng8 20. Be3 bxc3 21. Rb1 a5
22. a3 Rb8 23. Rh3 h6 24. Qg4 Nge7 25. Bxh6 Rg8 26. Nf3 f5 27. Bf8# 1-0